000 00756cam a2200205 a 4500
999 _c3139
_d3139
008 931119s1993 enka b 001 0 eng
020 _a0750616474
082 0 0 _a623.8503
_220
_bM1454
100 1 _aMcGeorge, H. D.
_q(H. David)
245 1 0 _aMarine electrical equipment and practice /
_cby H.D. McGeorge.
250 _a2nd ed.
260 _aOxford ;
_aBoston :
_bNewnes,
_cc1993.
300 _a158 p. :
_bill. ;
_c21 cm.
440 0 _aMarine engineering series
504 _aIncludes bibliographical references and index.
650 0 _aShips
_xElectric equipment
_zGreat Britain
_xMaintenance and repair.
856 4 2 _uhttp://www.loc.gov/catdir/description/els032/93234036.html
856 4 1 _uhttp://www.loc.gov/catdir/toc/els032/93234036.html
942 _cBK